[Event "GER-ch U25 op-B"]
[Site "Willingen"]
[Date "2015.05.26"]
[Round "5"]
[White "Chalabi, Tom"]
[Black "Wu, Erik"]
[Result "1-0"]
[WhiteElo "1119"]
[BlackElo "1441"]
[PlyCount "121"]
[EventDate "2015.05.24"]
[EventType "swiss"]
[EventRounds "9"]
[EventCountry "GER"]
[SourceTitle "CBM 166 Extra"]
[Source "ChessBase"]
[SourceDate "2015.06.18"]
[SourceVersion "1"]
[SourceVersionDate "2015.06.18"]
[SourceQuality "1"]

1. e4 e5 2. Nf3 Nc6 3. Bc4 Bc5 4. c3 Nf6 5. d4 exd4 6. cxd4 Bb4+ 7. Bd2 Bxd2+ 8. Nbxd2 d5 9. exd5 Nxd5 10. Qb3 Na5 11. Qb5+ c6 12. Qc5 Ne7 13. 0-0 0-0 14. Bd3 b6 15. Qh5 g6 16. Qh6 f6 17. b4 Nb7 18. Bc4+ Nd5 19. Rfe1 Kh8 20. b5 cxb5 21. Bxd5 Rb8 22. Be6 Nd6 23. Rac1 Bb7 24. Nh4 Nf7 25. Nxg6+ Kg8 26. Nxf8 Qxf8 27. Qxf8+ Rxf8 28. Bxf7+ Rxf7 29. Re8+ Kg7 30. Rce1 Kg6 31. R1e7 Rxe7 32. Rxe7 Bd5 33. Rxa7 b4 34. Kf1 b5 35. Ke2 h5 36. g3 Kf5 37. Ra5 Bc6 38. h3 Kg5 39. d5 Bd7 40. Ne4+ Kf5 41. Nc5 Be8 42. d6 h4 43. d7 Bxd7 44. Nxd7 hxg3 45. fxg3 Ke4 46. Rxb5 f5 47. Rxb4+ Kd5 48. Rb6 Ke4 49. Rb3 f4 50. gxf4 Kxf4 51. Rc3 Kg5 52. Rc4 Kf5 53. Ke3 Ke6 54. Ra4 Kxd7 55. Ra6 Kc7 56. Kd4 Kb7 57. Rh6 Kc7 58. Kd5 Kb7 59. Kc5 Kc7 60. Rh7+ Kd8 61. Kc6 1-0

[Event "Baden-ch U12"]
[Site "Ettlingen"]
[Date "2014.01.04"]
[Round "7"]
[White "Zimmer, Raphael"]
[Black "Wu, Erik"]
[Result "1/2-1/2"]
[WhiteElo "1630"]
[BlackElo "1213"]
[PlyCount "29"]
[EventDate "2014.01.??"]
[EventType "swiss"]
[EventRounds "7"]
[EventCountry "GER"]
[SourceTitle "EXT 2022"]
[Source "ChessBase"]
[SourceDate "2021.10.06"]
[SourceVersion "1"]
[SourceVersionDate "2021.10.06"]
[SourceQuality "1"]

1. e4 e5 2. Nf3 Nc6 3. d4 exd4 4. Bc4 Nf6 5. e5 d5 6. Bb5 Ne4 7. Nxd4 Bd7 8. Bxc6 Bxc6 9. f3 Qh4+ 10. Ke2 Qf2+ 11. Kd3 Nc5+ 12. Kc3 Ne4+ 13. Kb3 Nc5+ 14. Kc3 Na4+ 15. Kb3 1/2-1/2

[Event "Baden-ch U12"]
[Site "Ettlingen"]
[Date "2014.01.03"]
[Round "2"]
[White "Schmider, Niklas"]
[Black "Wu, Erik"]
[Result "1-0"]
[WhiteElo "1589"]
[BlackElo "1213"]
[PlyCount "137"]
[EventDate "2014.01.??"]
[EventType "swiss"]
[EventRounds "7"]
[EventCountry "GER"]
[SourceTitle "EXT 2022"]
[Source "ChessBase"]
[SourceDate "2021.10.06"]
[SourceVersion "1"]
[SourceVersionDate "2021.10.06"]
[SourceQuality "1"]

1. d4 Nf6 2. Nf3 e6 3. Bg5 Be7 4. e3 b6 5. Bd3 Bb7 6. 0-0 0-0 7. Nbd2 h6 8. Bh4 c5 9. c3 Nh5 10. Bxe7 Qxe7 11. Ne5 d6 12. Qxh5 dxe5 13. Qxe5 Nd7 14. Qg3 e5 15. dxe5 Nxe5 16. Be2 Rad8 17. Rad1 Qe6 18. b3 Qg6 19. Qxg6 Nxg6 20. Bf3 Bxf3 21. Nxf3 b5 22. b4 cxb4 23. cxb4 Ra8 24. Rd5 Rab8 25. Nd4 a6 26. Rd6 Ra8 27. Rb6 Rfb8 28. Rxb8+ Rxb8 29. Rc1 Ne5 30. Nc6 Nd3 31. Rc3 Rb6 32. Ne7+ Kh7 33. Rxd3 Rb7 34. Nd5 Ra7 35. f4 a5 36. Ra3 a4 37. Nc3 Rb7 38. Nxb5 Rxb5 39. Rxa4 Rb7 40. Kf2 Kg6 41. g4 f5 42. gxf5+ Kxf5 43. Kf3 g5 44. e4+ Kf6 45. Ra6+ Kg7 46. fxg5 hxg5 47. h3 Rf7+ 48. Kg4 Rf4+ 49. Kxg5 Rxe4 50. Ra7+ Kf8 51. h4 Re3 52. h5 Rh3 53. b5 Rb3 54. a4 Rg3+ 55. Kf6 Kg8 56. b6 Rf3+ 57. Kg6 Rg3+ 58. Kh6 Rb3 59. b7 Kf8 60. Ra8+ Kf7 61. b8Q Rxb8 62. Rxb8 Ke6 63. Rd8 Ke5 64. Kg5 Ke4 65. h6 Ke5 66. h7 Ke4 67. h8Q Ke3 68. Qb2 Ke4 69. Qe2# 1-0